Про оздоровлення громадян району , які постраждали внаслідок Чорнобильської катастрофи , у 2003 році : Розпорядження голови райдержадмін. N161 від 16 квіт. 2003 р. (Запис № 300390)

МАРК-запис
000 -Лідер
fixed length control field 00714nam a22001697a 4500
003 - Ідентифікатор контрольного номера
control field UA-OsUOA
001 - Контрольний номер
control field 14229
007 - Фіксоване поле фізичного опису
fixed length control field ta
008 - Елементи даних фіксованої довжини – загальна інформація
fixed length control field 20030728b un ||||| |||| 00| 0 ukr d
040 ## - Джерело каталогізації
Агенція оригінальної каталогізації UA-OsUOA
Агенція, яка здійснювала перезапис UA-OsUOA
Агенція, яка здійснювала модифікацію UA-OsUOA
245 ## - Відомості про назву
Назва (НП) Про оздоровлення громадян району , які постраждали внаслідок Чорнобильської катастрофи , у 2003 році : Розпорядження голови райдержадмін. N161 від 16 квіт. 2003 р.
300 ## - Фізичний опис
Обсяг С.2
650 #7 - Додаткове предметне введення – тематичний термін
Тематичний термін чи географічна назва, як елемент введення (НП) Краєзнавча робота
Джерело заголовка чи терміна UDC
773 0# - Введення хост-одиниці (П)
Контрольний номер запису (П) 0
Назва (НП) Сарненські новини
Місце, видавець та дата видання (НП) Сарни
-- 2003
Інформація про взаємозв’язок (П) №41/42/24 квіт./
942 ## - Додаткові елементи входу (Коха)
Тип елемента Koha Стаття періодики
955 ## - Код типу видання за змістом
Код типу видання за змістом (НП) інше

Немає доступних примірників.